| 000 | 00899nac a22002897a 4500 | ||
|---|---|---|---|
| 001 | BR0703172 | ||
| 003 | BR-BrBNA | ||
| 005 | 20240105123421.0 | ||
| 008 | 230509b bl.|||m| |||| 00| 0 por d | ||
| 040 |
_aBR-BrBNA _bpor _cBiblioteca Nacional de Agricultura |
||
| 072 | _aF01 | ||
| 090 | _a0120 BR0703172 | ||
| 100 | 1 | _aCruz, J.C. | |
| 100 | 1 | _aPereira Filho, I.S. | |
| 110 | 1 | _aEMBRAPA Milho e Sorgo, Sete Lagoas, MG (Brasil) | |
| 245 | 1 | _aManejo e tratos culturais para o cultivo do milho verde | |
| 260 | 3 |
_aSete Lagoas, MG (Brasil): _c2002. |
|
| 300 | _a9 p. | ||
| 490 |
_aCircular Técnica - EMBRAPA Milho e Sorgo (Brazil) _vno. 16 _xISSN 1518-4269 |
||
| 500 | _a5 tables; 27 ref. | ||
| 650 | _aMILHO VERDE | ||
| 650 | _aVARIEDADE | ||
| 650 | _aÉPOCA DE PLANTIO | ||
| 650 | _aDENSIDADE DE PLANTIO | ||
| 909 |
_a202312 _bLúcia Elande _c55 _dLúcia Elande |
||
| 942 |
_2AGRIS _n0 _cMS |
||
| 999 |
_c295349 _d295349 |
||